000 00888cai a22002175a 4500
001 L141059
008 071025s2007 xxkad f 000 0 eng d
035 _a(Sirsi) u141059
041 0 _aeng
050 0 4 _a333.337 $2 18
110 2 _aColliers International Property Consultants
_91881
245 0 0 _aEMEA office leasing guidelines 2007-08
_h[electronic resource]
260 _a[s.l]
_bColliers
_c2007
520 _aProvides country by country breakdown on typical lease length, how rent is quoted, options for extension and/or renewal, major markets and company contact telephone number.
590 _aKA
650 2 4 _aCOLLIERS EMEA OFFICE LEASING GUIDELINES
651 4 _aEurope
690 _aPROPERTY-COMMERCIAL PROPERTY-COMMERCIAL PROPERTY MARKET
856 4 8 _uhttps://www.colliers.com/
_zView this item free of charge at www.colliers.com/ (under market reports)
942 _n0
999 _c107605
_d107605